Loading...
| Religion | 0 | 2 | 0 | 1 | 20 | 94 | 115.50 | 0 | 1 | 2.84 | 11.11 |
| History - European | 0 | 2 | 0 | 1 | 20 | 126 | 128.00 | 0 | 1 | 0.08 | 8.89 |
| Fine Arts - Other | 0 | 1 | 0 | 0 | 10 | 89 | 89.00 | 1 | 1 | 3.45 | 11.11 |
| Popular Culture | 0 | 1 | 0 | 1 | 10 | 143 | 143.00 | 0 | 0 | 0.00 | 20.00 |
| Geography | 0 | 1 | 0 | 0 | 10 | 63 | 63.00 | 0 | 1 | 25.58 | 30.00 |
| Fine Arts - Painting and Sculpture | 0 | 1 | 0 | 0 | 10 | 122 | 122.00 | 0 | 0 | 0.52 | 2.22 |
| Philosophy | 0 | 0 | 0 | 0 | 0 | 0.00 | 0 | 0 | 0.00 | 0.00 | |
| Literature - European | 0 | 0 | 0 | 0 | 0 | 0.00 | 0 | 0 | 0.00 | 0.00 | |
| Fine Arts - Classical Music | 0 | 0 | 0 | 0 | 0 | 0.00 | 0 | 0 | 0.00 | 0.00 | |
| Science - Biology | 0 | 0 | 1 | 0 | -5 | 0.00 | 0 | 0 | 0.00 | 0.00 | |
| History - American | 0 | 0 | 1 | 0 | -5 | 0.00 | 0 | 0 | 0.00 | 0.00 | |
| History - World | 0 | 0 | 1 | 0 | -5 | 0.00 | 0 | 0 | 0.00 | 0.00 |